Parts of a Camera - Sudden death - Statistics

General Stats
  • This quiz has been taken 109 times
  • The average score is 5 of 10
Answers on the Grid
Answers color-coded by a green-red scale on the quiz's grid according to % correct below.
Aperture
Shutter
Blinds
Pupil
Lens
Gearbox
Viewfinder
LCD Screen
Sensor Dial
Grip
Memory card slot
Autofocus System
Blind Dial
Shutter Dial
Mode Dial
Focus Ring
 
Answer Stats
Answer % Correct
Shutter
85%
Lens
70%
Aperture
63%
LCD Screen
43%
Viewfinder
42%
Grip
40%
Memory card slot
40%
Autofocus System
35%
Focus Ring
30%
Mode Dial
23%
No matching quizzes found
Score Distribution
Percent of People with Each Score
Percentile by Number Answered
Your Score History
You have not taken this quiz